All British Carnivores - Statistics

General Stats
  • This quiz has been taken 13 times
  • The average score is 8 of 11
Answer Stats
Picture Answer % Correct
Eurasian Otter
92%
European Badger
92%
Red Fox
92%
European Wildcat
75%
American Mink
67%
Least Weasel
67%
Stoat
67%
Common Seal
58%
Grey Seal
58%
European Pine Martin
50%
European Polecat
50%
No matching quizzes found
Score Distribution
Percent of People with Each Score
Percentile by Number Answered
Your Score History
You have not taken this quiz